000 00585nam a2200205Ii 4500
001 5355
003 CO-ViMGA
008 241108s9999||||xx |||||||||||||| ||und||
040 _aCO-ViMGA
_bspa
_erda
_cCO-ViMGA
041 0 _aunk
082 0 4 _a811-U76h
100 1 _aEnrique Uribe White
245 1 0 _aHoras de tota II
264 1 _a[Lugar de publicación no identificado] : Tercer Mundo, 1975
300 _avolumen
336 _atext
_btxt
_2rdacontent
337 _aunmediated
_bn
_2rdamedia
338 _avolume
_bnc
_2rdacarrier
940 _aidficha_siabuc: 5212. -- ficha_no_siabuc:5355
999 _c51328
_d51328